000 00339pab a2200157 454500
008 180718b2001 xxu||||| |||| 00| 0 eng d
100 _aMehra, Ajay K.
245 _aPolice accountability
260 _c2001
300 _ap.10
362 _a28 May
650 _aPolice - India
650 _aPolice
773 _aHindu
909 _a49510
999 _c49510
_d49510